000 00485nam a2200169Ia 4500
999 _c54310
_d54310
003 GCL
005 20240530105240.0
008 140319s9999 xx 000 0 ara d
040 _aGCL /
_cGCL
082 0 4 _a219.1
_bم ق
100 1 _aمحمود بن الشريف
245 1 0 _aالقران ودنيا المرأة /
_cمحمود بن الشريف
260 _a[S.N] :
_bدار المعارف
300 _a127 ص
650 0 4 _aالمرأة فى الاسلام
942 _2ddc
_cBK